[Event "Jesenik op-A"]
[Site "Jesenik"]
[Date "2024.08.23"]
[Round "7"]
[White "Mudrak, Josef"]
[Black "Slovak, Kilian"]
[Result "0-1"]
[WhiteElo "2230"]
[BlackElo "2250"]
[PlyCount "94"]
[EventDate "2024.08.17"]
[EventType "swiss"]
[EventRounds "9"]
[EventCountry "CZE"]
[SourceTitle "CBM 221 Extra"]
[Source "ChessBase"]
[SourceDate "2024.09.30"]
[SourceVersion "1"]
[SourceVersionDate "2024.09.30"]
[SourceQuality "1"]

1. d4 Nf6 2. Nf3 g6 3. c4 Bg7 4. Nc3 0-0 5. e4 d6 6. Be2 e5 7. d5 a5 8. Bg5 h6 9. Bh4 Na6 10. Nd2 Qe8 11. 0-0 Nh7 12. a3 Bd7 13. b3 h5 14. f3 Bh6 15. Bf2 Qe7 16. Re1 h4 17. Ra2 Qg5 18. Bf1 Nf6 19. f4 Qxf4 20. Nf3 Ng4 21. Qe2 Nxf2 22. Qxf2 Bg5 23. Rb2 Nc5 24. b4 axb4 25. axb4 Na4 26. Rc2 Nxc3 27. Rxc3 Ra4 28. Rb3 Rfa8 29. c5 Bd8 30. Bd3 Ra3 31. Bc2 Bb5 32. g3 hxg3 33. hxg3 Qg4 34. Kg2 Ra2 35. Rc3 Rb2 36. Nh2 Qd7 37. Rb3 Raa2 38. Rxb2 Rxb2 39. Rb1 Ra2 40. Rd1 Bg5 41. Nf3 Bh6 42. Ne1 Ba4 43. Rd3 Qg4 44. Rc3 Bxc2 45. Nxc2 Qxe4+ 46. Kg1 Rb2 47. cxd6 Rb1+ 0-1

[Event "Jesenik op-A"]
[Site "Jesenik"]
[Date "2024.08.19"]
[Round "3"]
[White "Marak, Jakub"]
[Black "Slovak, Kilian"]
[Result "0-1"]
[WhiteElo "2106"]
[BlackElo "2250"]
[PlyCount "80"]
[EventDate "2024.08.17"]
[EventType "swiss"]
[EventRounds "9"]
[EventCountry "CZE"]
[SourceTitle "CBM 221 Extra"]
[Source "ChessBase"]
[SourceDate "2024.09.30"]
[SourceVersion "1"]
[SourceVersionDate "2024.09.30"]
[SourceQuality "1"]

1. e4 c5 2. Nf3 Nc6 3. Bb5 g6 4. 0-0 Bg7 5. Re1 e5 6. d3 Nge7 7. c3 0-0 8. Na3 d6 9. Be3 a6 10. Bxc6 Nxc6 11. Nc2 f5 12. exf5 gxf5 13. Rb1 f4 14. Bc1 Bf5 15. b4 b6 16. Bb2 Kh8 17. Qe2 c4 18. dxc4 Bf6 19. Rbd1 Rg8 20. Kh1 Qe7 21. Rg1 Rg6 22. Nce1 Rh6 23. g4 fxg3 24. fxg3 Rg6 25. Ng2 Rgg8 26. Ne3 Bh3 27. Nd5 Qd8 28. Bc1 Rg4 29. Rge1 Rg7 30. Qf2 Be7 31. Qxb6 Qf8 32. Ng1 Nd4 33. cxd4 Rb8 34. Qc6 Rc8 35. Qa4 Rxc4 36. Bh6 Rxg3 37. hxg3 Qxh6 38. Qe8+ Bf8 39. Nxh3 Qxh3+ 40. Kg1 Qxg3+ 0-1

[Event "Jesenik Rapid op"]
[Site "Jesenik"]
[Date "2023.08.18"]
[Round "1"]
[White "Slovak, Kilian"]
[Black "Sara, David"]
[Result "1-0"]
[WhiteElo "2176"]
[BlackElo "1235"]
[PlyCount "42"]
[EventDate "2023.08.18"]
[EventType "swiss (rapid)"]
[EventRounds "9"]
[EventCountry "CZE"]
[SourceTitle "CBM 216 Extra"]
[Source "ChessBase"]
[SourceDate "2023.11.30"]
[SourceVersion "1"]
[SourceVersionDate "2023.11.30"]
[SourceQuality "1"]

1. e4 e5 2. Nf3 Nc6 3. Bb5 Bc5 4. c3 Nge7 5. 0-0 0-0 6. d4 exd4 7. cxd4 Bb6 8. d5 Nb4 9. a3 Na6 10. Nc3 d6 11. h3 Bd7 12. Bd3 c6 13. dxc6 Bxc6 14. b4 Nc7 15. Bb2 d5 16. e5 d4 17. Ne4 Ng6 18. Re1 Re8 19. Nd6 Rxe5 20. Nxf7 Rxe1+ 21. Qxe1 Kxf7 1-0

[Event "Jesenik Rapid op"]
[Site "Jesenik"]
[Date "2023.08.18"]
[Round "4"]
[White "Zilka, Stepan"]
[Black "Slovak, Kilian"]
[Result "1-0"]
[WhiteElo "2470"]
[BlackElo "2176"]
[PlyCount "72"]
[EventDate "2023.08.18"]
[EventType "swiss (rapid)"]
[EventRounds "9"]
[EventCountry "CZE"]
[SourceTitle "CBM 216 Extra"]
[Source "ChessBase"]
[SourceDate "2023.11.30"]
[SourceVersion "1"]
[SourceVersionDate "2023.11.30"]
[SourceQuality "1"]

1. e4 c5 2. Nf3 d6 3. d4 cxd4 4. Nxd4 Nf6 5. Nc3 g6 6. Be3 Bg7 7. f3 0-0 8. Qd2 Nc6 9. 0-0-0 d5 10. exd5 Nxd5 11. Nxc6 bxc6 12. Bd4 e5 13. Bc5 Be6 14. Ne4 Rb8 15. c4 Qc7 16. Bd6 Qb6 17. Bc5 Qc7 18. Kb1 Rfd8 19. Qc1 Qa5 20. cxd5 cxd5 21. Qc3 Qc7 22. Ba3 Qb6 23. Bc5 Qb7 24. Nd6 Qc6 25. Bb5 Qc7 26. Qa3 a6 27. Ne8 Rxe8 28. Bxe8 Rxe8 29. Rc1 Qb7 30. Qb4 Qa8 31. Bd6 d4 32. Ka1 Qd5 33. Qa3 e4 34. fxe4 Qxe4 35. Qa4 Rd8 36. Bc7 Ra8 1-0

[Event "Klatovy op-A 29th"]
[Site "Klatovy"]
[Date "2023.07.03"]
[Round "3"]
[White "Slovak, Kilian"]
[Black "Dvorak, Jan"]
[Result "1-0"]
[WhiteElo "2297"]
[BlackElo "2176"]
[PlyCount "129"]
[EventDate "2023.07.01"]
[EventType "swiss"]
[EventRounds "9"]
[EventCountry "CZE"]
[SourceTitle "CBM 215 Extra"]
[Source "ChessBase"]
[SourceDate "2023.09.30"]
[SourceVersion "1"]
[SourceVersionDate "2023.09.30"]
[SourceQuality "1"]

1. e4 e6 2. d4 d5 3. Nc3 dxe4 4. Nxe4 Bd7 5. Nf3 Bc6 6. Bd3 Nd7 7. Qe2 Ngf6 8. Nxf6+ Nxf6 9. 0-0 Bxf3 10. Qxf3 c6 11. c3 Qd5 12. Qxd5 Nxd5 13. Re1 0-0-0 14. Bg5 Be7 15. Bxe7 Nxe7 16. Be4 Rd7 17. f4 g6 18. Kf2 Nd5 19. g3 Kc7 20. Bf3 Rhd8 21. Re2 b6 22. Rd1 Nf6 23. Red2 Nd5 24. Ke2 Rd6 25. Kd3 Rg8 26. c4 Nf6 27. Kc3 Rgd8 28. b4 b5 29. c5 Nd5+ 30. Bxd5 Rxd5 31. a4 bxa4 32. Ra1 a6 33. Rxa4 Kb7 34. Ra1 R5d7 35. g4 Rd5 36. Rf1 Re8 37. Rd3 h5 38. f5 exf5 39. gxh5 gxh5 40. Rdf3 Re4 41. Rxf5 Rdxd4 42. Rxf7+ Kc8 43. Rf8+ Kd7 44. Rb8 Rf4 45. Rb7+ Ke6 46. Re1+ Kf6 47. Re8 Rh4 48. Rc8 Ke5 49. Re8+ Kf6 50. Rf8+ Ke6 51. Rf2 a5 52. Re2+ Kf6 53. bxa5 Rc4+ 54. Kb3 Rxc5 55. Ra2 Re5 56. Rb4 Rh3+ 57. Ka4 Rd3 58. Rc2 c5 59. Rbc4 Rd4 60. Kb5 Rd1 61. Rxc5 Rb1+ 62. Ka6 h4 63. Rxe5 Kxe5 64. Rc4 h3 65. Rc3 1-0

[Event "Klatovy op-A 29th"]
[Site "Klatovy"]
[Date "2023.07.01"]
[Round "1"]
[White "Slovak, Kilian"]
[Black "Polak, Michal1"]
[Result "1-0"]
[WhiteElo "2297"]
[BlackElo "1959"]
[PlyCount "61"]
[EventDate "2023.07.01"]
[EventType "swiss"]
[EventRounds "9"]
[EventCountry "CZE"]
[SourceTitle "CBM 215 Extra"]
[Source "ChessBase"]
[SourceDate "2023.09.30"]
[SourceVersion "1"]
[SourceVersionDate "2023.09.30"]
[SourceQuality "1"]

1. Nf3 Nf6 2. b3 g6 3. Bb2 Bg7 4. g3 c5 5. Bg2 0-0 6. 0-0 Nc6 7. c4 d6 8. d4 Nd7 9. e3 cxd4 10. Nxd4 Nxd4 11. exd4 e5 12. Nc3 exd4 13. Nb5 Ne5 14. Bxd4 a6 15. Nc3 Qf6 16. Kh1 Qd8 17. Nd5 Bg4 18. Qc2 Rc8 19. Qc3 f6 20. h3 Bd7 21. Rae1 Rf7 22. Nb6 Bc6 23. Nxc8 Qxc8 24. Kh2 f5 25. f4 Bxg2 26. Kxg2 Qc6+ 27. Kh2 Nf3+ 28. Qxf3 Bxd4 29. Qxc6 bxc6 30. Re8+ Kg7 31. Rfe1 1-0

[Event "CZE-chT2B 2223"]
[Site "Czech Republic"]
[Date "2023.01.22"]
[Round "7.1"]
[White "Slovak, Kilian"]
[Black "Riha, Jaroslav1"]
[Result "1-0"]
[WhiteElo "2265"]
[BlackElo "2103"]
[PlyCount "85"]
[EventDate "2022.10.16"]
[EventType "team-tourn"]
[EventRounds "11"]
[EventCountry "CZE"]
[SourceTitle "EXT 2024"]
[Source "ChessBase"]
[SourceDate "2023.10.10"]
[SourceVersion "1"]
[SourceVersionDate "2023.10.10"]
[SourceQuality "1"]
[WhiteTeam "Kobylisy"]
[BlackTeam "Litomerice III"]
[WhiteTeamCountry "CZE"]
[BlackTeamCountry "CZE"]

1. e4 c5 2. Nf3 e6 3. c4 d6 4. Nc3 a6 5. d4 cxd4 6. Nxd4 Qc7 7. Be2 Nf6 8. Be3 Be7 9. 0-0 Nbd7 10. a3 0-0 11. b4 b6 12. f3 Bb7 13. Qd2 Rac8 14. Rac1 Qb8 15. Kh1 Rfd8 16. Rfd1 Bf8 17. Bf1 Qa8 18. Nb3 b5 19. cxb5 d5 20. Na5 axb5 21. Nxb7 Qxb7 22. exd5 Nb6 23. Nxb5 Nbxd5 24. Bc5 Ra8 25. Qb2 Qb8 26. Bxf8 Kxf8 27. Nc3 Qf4 28. Nxd5 Nxd5 29. Rc4 Qg5 30. Rc5 Qf4 31. Re1 Nb6 32. Rc2 Rd5 33. g3 Qd6 34. Qc1 Rh5 35. f4 Qd4 36. Rd1 Qf6 37. Bg2 Nd5 38. Rc8+ Rxc8 39. Qxc8+ Ke7 40. Bf3 Qh6 41. Rd2 g5 42. Bxd5 exd5 43. Rc2 1-0

[Event "CZE-chT2B 2223"]
[Site "Czech Republic"]
[Date "2022.12.04"]
[Round "4.1"]
[White "Zvara, Petr"]
[Black "Slovak, Kilian"]
[Result "1-0"]
[WhiteElo "2352"]
[BlackElo "2279"]
[PlyCount "93"]
[EventDate "2022.10.16"]
[EventType "team-tourn"]
[EventRounds "11"]
[EventCountry "CZE"]
[SourceTitle "EXT 2024"]
[Source "ChessBase"]
[SourceDate "2023.10.10"]
[SourceVersion "1"]
[SourceVersionDate "2023.10.10"]
[SourceQuality "1"]
[WhiteTeam "Bohemians"]
[BlackTeam "Kobylisy"]
[WhiteTeamCountry "CZE"]
[BlackTeamCountry "CZE"]

1. Nf3 Nf6 2. c4 g6 3. g3 Bg7 4. Bg2 0-0 5. Nc3 d6 6. 0-0 Nc6 7. d4 e5 8. d5 Nb8 9. e4 a5 10. Ne1 Na6 11. Nd3 Nd7 12. f3 Ndc5 13. Nf2 c6 14. Be3 Bd7 15. Qd2 cxd5 16. Nxd5 Bc6 17. Rfd1 Ne6 18. Nb6 Rb8 19. Qxd6 Nd4 20. Qxd8 Rbxd8 21. Bxd4 exd4 22. Nd3 Rfe8 23. a3 Bf8 24. Nd5 Kg7 25. f4 Ba4 26. Rd2 Bb3 27. Rc1 Rc8 28. e5 Rxc4 29. Nf6 Re7 30. Rxc4 Bxc4 31. Nf2 Bb5 32. Bf1 Bc6 33. Rxd4 Nc5 34. b4 Ne6 35. Rd2 axb4 36. axb4 b5 37. N2e4 Ra7 38. Nd6 Ra1 39. Kf2 Bxd6 40. Rxd6 Rc1 41. Bd3 h5 42. Ke3 Bg2 43. Bxb5 Rb1 44. Bc4 Nf8 45. Rb6 Bf1 46. Bd5 h4 47. gxh4 1-0

[Event "CZE-chT 2223"]
[Site "Czech Republic"]
[Date "2022.12.03"]
[Round "3.6"]
[White "Rogozenco, Dorian"]
[Black "Slovak, Kilian"]
[Result "1/2-1/2"]
[WhiteElo "2438"]
[BlackElo "2278"]
[PlyCount "84"]
[EventDate "2022.10.15"]
[EventType "team-tourn"]
[EventRounds "11"]
[EventCountry "CZE"]
[SourceTitle "CBM 213 Extra"]
[Source "ChessBase"]
[SourceDate "2023.05.31"]
[SourceVersion "1"]
[SourceVersionDate "2023.05.31"]
[SourceQuality "1"]
[WhiteTeam "Lysa nad Labem"]
[BlackTeam "Hostalkova"]
[WhiteTeamCountry "CZE"]
[BlackTeamCountry "CZE"]

1. d4 Nf6 2. Nf3 g6 3. c4 Bg7 4. g3 0-0 5. Bg2 d6 6. 0-0 Nc6 7. Nc3 e5 8. d5 Nb8 9. e4 a5 10. Rb1 Na6 11. Re1 Nc5 12. b3 Bd7 13. a3 Ne8 14. b4 axb4 15. axb4 Na4 16. Nxa4 Rxa4 17. c5 Bb5 18. Bd2 Qa8 19. Qc2 Nf6 20. Bc3 Qa6 21. Ra1 Ra8 22. Nd2 Bd3 23. Rxa4 Bxc2 24. Rxa6 Rxa6 25. cxd6 cxd6 26. Nc4 Bf8 27. f3 Nd7 28. Bf1 Ra2 29. Re2 f5 30. exf5 gxf5 31. Bh3 Bb3 32. Rxa2 Bxa2 33. Ne3 Nb6 34. Bxf5 Bh6 35. Be6+ Kf8 36. f4 exf4 37. Nf5 Bxd5 38. Bxd5 Nxd5 39. Bd2 Bg5 40. Nxd6 Be7 41. Nxb7 fxg3 42. hxg3 Bxb4 1/2-1/2

[Event "CZE-chT2B 2223"]
[Site "Czech Republic"]
[Date "2022.11.20"]
[Round "3.1"]
[White "Slovak, Kilian"]
[Black "Anaskin, Arsenij"]
[Result "1-0"]
[WhiteElo "2263"]
[BlackElo "2244"]
[PlyCount "57"]
[EventDate "2022.10.16"]
[EventType "team-tourn"]
[EventRounds "11"]
[EventCountry "CZE"]
[SourceTitle "EXT 2024"]
[Source "ChessBase"]
[SourceDate "2023.10.10"]
[SourceVersion "1"]
[SourceVersionDate "2023.10.10"]
[SourceQuality "1"]
[WhiteTeam "Kobylisy"]
[BlackTeam "Aurora"]
[WhiteTeamCountry "CZE"]
[BlackTeamCountry "CZE"]

1. e4 d6 2. d4 Nf6 3. Nc3 Nbd7 4. Nf3 e5 5. Bc4 Be7 6. 0-0 0-0 7. Re1 c6 8. a4 b6 9. h3 Bb7 10. Ba2 a6 11. Be3 b5 12. axb5 axb5 13. b4 d5 14. exd5 Bxb4 15. Bd2 exd4 16. Nxd4 cxd5 17. Ncxb5 Bc5 18. Be3 Qb6 19. Nc3 Qb2 20. Ndb5 Qb4 21. Rb1 Qh4 22. Bxd5 Nxd5 23. Nxd5 Rad8 24. Bxc5 Nxc5 25. Ne7+ Kh8 26. Qg4 Qxg4 27. hxg4 Rd2 28. Red1 Rxc2 29. Nd6 1-0

[Event "CZE-chT 2223"]
[Site "Czech Republic"]
[Date "2022.10.16"]
[Round "2.1"]
[White "Slovak, Kilian"]
[Black "Jurcik, Martin"]
[Result "0-1"]
[WhiteElo "2278"]
[BlackElo "2391"]
[PlyCount "82"]
[EventDate "2022.10.15"]
[EventType "team-tourn"]
[EventRounds "11"]
[EventCountry "CZE"]
[SourceTitle "CBM 210 Extra"]
[Source "ChessBase"]
[SourceDate "2022.11.30"]
[SourceVersion "1"]
[SourceVersionDate "2022.11.30"]
[SourceQuality "1"]
[WhiteTeam "Hostalkova"]
[BlackTeam "Unichess"]
[WhiteTeamCountry "CZE"]
[BlackTeamCountry "CZE"]

1. e4 c5 2. Nf3 Nc6 3. d4 cxd4 4. Nxd4 Qb6 5. Nb3 Nf6 6. Nc3 e6 7. Be3 Qc7 8. a3 a6 9. f4 d6 10. g4 b5 11. Bd3 Bb7 12. g5 Nd7 13. h4 b4 14. axb4 Nxb4 15. 0-0 Be7 16. Ra4 Nxd3 17. cxd3 0-0 18. Ra1 Rac8 19. Rc1 Qb8 20. h5 Nc5 21. Nxc5 dxc5 22. Qg4 c4 23. d4 Bb4 24. f5 exf5 25. exf5 Qd6 26. Ne2 Rfe8 27. Bf4 Qd5 28. Kh2 Re4 29. Rf2 Rce8 30. g6 Bd6 31. gxh7+ Kxh7 32. Rg1 Rg8 33. Rgg2 Rxe2 34. Qxe2 Qxd4 35. Bxd6 Qxd6+ 36. Rg3 Qc6 37. Rfg2 Qf6 38. Rf2 Re8 39. Qxc4 Re4 40. Qf1 Rh4+ 41. Rh3 Qe5+ 0-1

[Event "Pardubice Czech op-A 33rd"]
[Site "Pardubice"]
[Date "2022.07.30"]
[Round "9"]
[White "Akesson, Ralf"]
[Black "Slovak, Kilian"]
[Result "1-0"]
[WhiteElo "2427"]
[BlackElo "2321"]
[PlyCount "72"]
[EventDate "2022.07.22"]
[EventType "swiss"]
[EventRounds "9"]
[EventCountry "CZE"]
[SourceTitle "CBM 209 Extra"]
[Source "ChessBase"]
[SourceDate "2022.09.30"]
[SourceVersion "1"]
[SourceVersionDate "2022.09.30"]
[SourceQuality "1"]

1. Nf3 Nf6 2. d4 g6 3. Bg5 Bg7 4. c3 0-0 5. Nbd2 d6 6. e4 c5 7. d5 e6 8. dxe6 Bxe6 9. Bc4 Nc6 10. Bxe6 fxe6 11. 0-0 h6 12. Bxf6 Qxf6 13. Nc4 Rad8 14. e5 Qf4 15. Qd3 d5 16. Ncd2 Qf7 17. Rae1 Kh7 18. Re2 a6 19. Rfe1 Qf4 20. h3 Rde8 21. Qc2 b5 22. Nb3 c4 23. Nbd4 Nxd4 24. Nxd4 Qf7 25. Re3 Rg8 26. Rg3 Bh8 27. h4 h5 28. Rg5 Bg7 29. Re3 Bh6 30. Rf3 Qg7 31. Rgg3 Qxe5 32. Rf7+ Kh8 33. Rxg6 Qe1+ 34. Kh2 Qe5+ 35. g3 Rxg6 36. Qxg6 Bg7 1-0

[Event "Pardubice Czech op-A 33rd"]
[Site "Pardubice"]
[Date "2022.07.26"]
[Round "5"]
[White "Slovak, Kilian"]
[Black "Keller, Peter1"]
[Result "1-0"]
[WhiteElo "2321"]
[BlackElo "2377"]
[PlyCount "61"]
[EventDate "2022.07.22"]
[EventType "swiss"]
[EventRounds "9"]
[EventCountry "CZE"]
[SourceTitle "CBM 209 Extra"]
[Source "ChessBase"]
[SourceDate "2022.09.30"]
[SourceVersion "1"]
[SourceVersionDate "2022.09.30"]
[SourceQuality "1"]

1. e4 e5 2. Nf3 Nc6 3. Bb5 Nf6 4. 0-0 Nxe4 5. Re1 Nd6 6. Nxe5 Be7 7. Bf1 Nxe5 8. Rxe5 0-0 9. Nc3 Ne8 10. Nd5 Bd6 11. Re1 Nf6 12. Nxf6+ Qxf6 13. d4 b6 14. c4 Bb7 15. Be3 Rfe8 16. Rb1 Bb4 17. Re2 Qg6 18. d5 c6 19. a3 Be7 20. Re1 Bg5 21. Bd3 Qh6 22. Bxg5 Qxg5 23. Qf3 cxd5 24. Qh3 g6 25. Qxd7 Rxe1+ 26. Rxe1 Ba6 27. Qa4 Qd2 28. Rd1 Qxb2 29. Qxa6 Qb3 30. Be2 Re8 31. cxd5 1-0

[Event "Pardubice Czech op-A 33rd"]
[Site "Pardubice"]
[Date "2022.07.25"]
[Round "4"]
[White "Pantzar, Milton"]
[Black "Slovak, Kilian"]
[Result "1/2-1/2"]
[WhiteElo "2447"]
[BlackElo "2321"]
[PlyCount "79"]
[EventDate "2022.07.22"]
[EventType "swiss"]
[EventRounds "9"]
[EventCountry "CZE"]
[SourceTitle "CBM 209 Extra"]
[Source "ChessBase"]
[SourceDate "2022.09.30"]
[SourceVersion "1"]
[SourceVersionDate "2022.09.30"]
[SourceQuality "1"]

1. d4 Nf6 2. c4 g6 3. Nc3 Bg7 4. e4 0-0 5. Nf3 d6 6. Be2 e5 7. 0-0 Bg4 8. d5 a5 9. h3 Bd7 10. Re1 Na6 11. Rb1 Nc5 12. Bf1 Nh5 13. Be3 Qe8 14. a3 f5 15. b4 axb4 16. axb4 Na4 17. Nxa4 Rxa4 18. c5 Ra8 19. b5 fxe4 20. Ng5 Bh6 21. b6 cxb6 22. Rxb6 dxc5 23. Rxb7 Qc8 24. Rb2 Ra3 25. h4 Nf6 26. Qc1 Qa8 27. d6 Ng4 28. Bxc5 Ra5 29. Bb6 e3 30. Qc7 Bxg5 31. hxg5 Ra1 32. Qxd7 Rxe1 33. Qe6+ Kh8 34. Ra2 e2 35. Rxe2 Rxf1+ 36. Kxf1 Qa1+ 37. Re1 Qa6+ 38. Re2 Qa1+ 39. Re1 Qa6+ 40. Re2 1/2-1/2

[Event "Pardubice Czech op-A 33rd"]
[Site "Pardubice"]
[Date "2022.07.23"]
[Round "2"]
[White "Slovak, Kilian"]
[Black "Levitan, Caleb Levi"]
[Result "1/2-1/2"]
[WhiteElo "2321"]
[BlackElo "1826"]
[PlyCount "133"]
[EventDate "2022.07.22"]
[EventType "swiss"]
[EventRounds "9"]
[EventCountry "CZE"]
[SourceTitle "CBM 209 Extra"]
[Source "ChessBase"]
[SourceDate "2022.09.30"]
[SourceVersion "1"]
[SourceVersionDate "2022.09.30"]
[SourceQuality "1"]

1. e4 e5 2. Nf3 Nc6 3. Bb5 a6 4. Ba4 Nf6 5. 0-0 Bc5 6. c3 b5 7. Bb3 d6 8. a4 Bg4 9. h3 Bh5 10. d3 0-0 11. Nbd2 Rb8 12. Re1 Re8 13. Nf1 Na5 14. Bc2 b4 15. Ng3 Bg6 16. Bg5 h6 17. Bh4 b3 18. Bb1 Ba7 19. Nh2 Qd7 20. Bxf6 gxf6 21. Nh5 Qe6 22. Ng4 Bxh5 23. Nxh6+ Kf8 24. Qxh5 Ke7 25. d4 Rf8 26. Bd3 c6 27. Rad1 Kd8 28. Bxa6 Kc7 29. Nf5 d5 30. exd5 cxd5 31. Bb5 Rg8 32. Qf3 Rg5 33. Ne3 e4 34. Qf4+ Kb7 35. h4 Rh5 36. Be2 Rh7 37. h5 Rg8 38. Qf5 Rhg7 39. g3 Rg5 40. Qxe6 fxe6 41. Kh2 f5 42. Rg1 Bb8 43. Kh1 Bc7 44. Rg2 Nc6 45. Rdg1 Ne7 46. Ra1 Nc6 47. Rag1 Ne7 48. Bd1 Bd6 49. Nf1 Kc7 50. Nd2 Rh8 51. f4 exf3 52. Bxf3 Ng8 53. Nxb3 Nf6 54. Rh2 Bxg3 55. Nc5 Kd6 56. Rh3 f4 57. b4 e5 58. dxe5+ Rxe5 59. Rd1 Re3 60. Rd3 Rhe8 61. h6 Re1+ 62. Kg2 R8e2+ 63. Bxe2 Rxe2+ 64. Kg1 Re1+ 65. Kg2 Re2+ 66. Kf1 Re1+ 67. Kg2 1/2-1/2

[Event "Klatovy op 28th"]
[Site "Klatovy"]
[Date "2022.07.09"]
[Round "8"]
[White "Slovak, Kilian"]
[Black "Hurdzan, Tomas"]
[Result "1/2-1/2"]
[WhiteElo "2321"]
[BlackElo "2317"]
[PlyCount "44"]
[EventDate "2022.07.02"]
[EventType "swiss"]
[EventRounds "9"]
[EventCountry "CZE"]
[SourceTitle "EXT 2023"]
[Source "ChessBase"]
[SourceDate "2022.10.05"]
[SourceVersion "1"]
[SourceVersionDate "2022.10.05"]
[SourceQuality "1"]

1. e4 e5 2. Nf3 Nc6 3. Bb5 a6 4. Ba4 Nf6 5. 0-0 Be7 6. Re1 b5 7. Bb3 0-0 8. a4 Bb7 9. Nc3 b4 10. Nd5 d6 11. Nxf6+ Bxf6 12. Bd5 Qc8 13. d3 Ne7 14. Bxb7 Qxb7 15. h3 c5 16. Nh2 g6 17. Bh6 Bg7 18. Qd2 f6 19. Bxg7 Kxg7 20. Ng4 Rf7 21. Nh6 Rff8 22. Ng4 Rf7 1/2-1/2

[Event "Klatovy op 28th"]
[Site "Klatovy"]
[Date "2022.07.08"]
[Round "7"]
[White "Slovak, Kilian"]
[Black "Dvorak, Jan"]
[Result "1-0"]
[WhiteElo "2321"]
[BlackElo "2194"]
[PlyCount "93"]
[EventDate "2022.07.02"]
[EventType "swiss"]
[EventRounds "9"]
[EventCountry "CZE"]
[SourceTitle "EXT 2023"]
[Source "ChessBase"]
[SourceDate "2022.10.05"]
[SourceVersion "1"]
[SourceVersionDate "2022.10.05"]
[SourceQuality "1"]

1. e4 e6 2. d4 d5 3. Nc3 Bb4 4. exd5 exd5 5. Bd3 Nc6 6. Nf3 Nge7 7. 0-0 0-0 8. Ne2 Bf5 9. Ng3 Bg6 10. Bf4 Qd7 11. h4 Bd6 12. Bxd6 Qxd6 13. h5 Bxd3 14. Qxd3 h6 15. Rae1 Rae8 16. Re3 Nc8 17. Rfe1 Rxe3 18. Qxe3 Qf6 19. c3 Nd6 20. Ne5 Re8 21. Re2 Re7 22. Ng4 Qh4 23. Qf4 Qg5 24. Qxg5 hxg5 25. Ne3 Nc4 26. Nxd5 Rxe2 27. Nxe2 Nxb2 28. Nxc7 Kf8 29. Nb5 Nc4 30. Ng3 a6 31. Nc7 Nd6 32. Nd5 b5 33. Kf1 f5 34. Ke2 Kf7 35. Kd3 a5 36. Nf1 g6 37. hxg6+ Kxg6 38. Nd2 Kf7 39. Ne3 Kf6 40. a3 f4 41. Ng4+ Kf5 42. f3 Ne7 43. Nf2 Nd5 44. Nfe4 Ne8 45. c4 bxc4+ 46. Nxc4 a4 47. Nc5 1-0

[Event "CZE-chT1W 2122"]
[Site "Czech Republic"]
[Date "2022.03.06"]
[Round "10.5"]
[White "Slovak, Kilian"]
[Black "Vichnar, David"]
[Result "1-0"]
[WhiteElo "2267"]
[BlackElo "2363"]
[PlyCount "59"]
[EventDate "2021.10.10"]
[EventType "team-tourn"]
[EventRounds "11"]
[EventCountry "CZE"]
[SourceTitle "EXT 2023"]
[Source "ChessBase"]
[SourceDate "2022.10.05"]
[SourceVersion "1"]
[SourceVersionDate "2022.10.05"]
[SourceQuality "1"]
[WhiteTeam "Kobylisy"]
[BlackTeam "Vysehrad SK Sokol"]
[WhiteTeamCountry "CZE"]
[BlackTeamCountry "CZE"]

1. e4 c5 2. Nf3 e6 3. d4 cxd4 4. Nxd4 Nc6 5. Nc3 Qc7 6. Be3 a6 7. Qf3 Nf6 8. 0-0-0 Ne5 9. Qg3 b5 10. f4 Neg4 11. Bg1 b4 12. Na4 h5 13. e5 Ne4 14. Qe1 Bb7 15. h3 Nh6 16. Bd3 d5 17. exd6 Nxd6 18. Nxe6 fxe6 19. Bg6+ Ndf7 20. Qxe6+ Be7 21. Bc5 0-0 22. Bxe7 Rfe8 23. Rhe1 Qxf4+ 24. Kb1 Bxg2 25. Nb6 Rab8 26. Nd7 Rb7 27. Bd3 Qg3 28. Re3 Bd5 29. Nf6+ Kh8 30. Nxd5 1-0

[Event "CZE-chT2B 2122"]
[Site "Czech Republic"]
[Date "2022.01.30"]
[Round "7.2"]
[White "Pokrupa, Marek"]
[Black "Slovak, Kilian"]
[Result "0-1"]
[WhiteElo "2154"]
[BlackElo "2267"]
[PlyCount "110"]
[EventDate "2021.10.17"]
[EventType "team-tourn"]
[EventRounds "11"]
[EventCountry "CZE"]
[SourceTitle "EXT 2025"]
[Source "ChessBase"]
[SourceDate "2024.10.14"]
[SourceVersion "1"]
[SourceVersionDate "2024.10.14"]
[SourceQuality "1"]
[WhiteTeam "Kolesovice Cesky Lev"]
[BlackTeam "Litomerice Slavoj"]
[WhiteTeamCountry "CZE"]
[BlackTeamCountry "CZE"]

1. g3 Nf6 2. Bg2 e5 3. e4 Bc5 4. Ne2 0-0 5. 0-0 d5 6. exd5 Nxd5 7. Nbc3 Be6 8. Na4 Be7 9. d4 Nd7 10. dxe5 Nxe5 11. Nf4 Nxf4 12. Bxf4 Ng6 13. Qxd8 Raxd8 14. Be3 b6 15. b3 Bf6 16. Rad1 Bg4 17. Rc1 Rfe8 18. h3 Bf5 19. Rfd1 c5 20. c4 Bd4 21. Bc6 Re7 22. Bg2 Red7 23. Bxd4 Rxd4 24. Rxd4 Rxd4 25. Nc3 Bd7 26. Kf1 Kf8 27. Ke2 Ke7 28. f4 h5 29. Ke3 h4 30. Bd5 Bf5 31. g4 Rd3+ 32. Kf2 Bd7 33. f5 Nf4 34. Re1+ Kf8 35. Re3 Nxh3+ 36. Ke2 Rxe3+ 37. Kxe3 Ng5 38. Kf4 f6 39. Ne4 Nxe4 40. Bxe4 Ke7 41. Kf3 Kd6 42. Kg2 Ke5 43. Bd5 Kf4 44. Kh3 Kg5 45. Bf7 Bc6 46. Bd5 Be8 47. Be4 Bd7 48. Bf3 b5 49. Bd1 b4 50. Bf3 a5 51. Bd5 g6 52. Be6 Be8 53. Bc8 gxf5 54. Bxf5 Bc6 55. Be6 Be4 0-1